000
00211nam a2200085Ia 4500
008
120527s9999 xx 000 0 und d
100
_a
Hecker & Thurpe
245
_a
Introduction to clinical psychology
942
_c
BK
999
_c
27442
_d
27442